Countries Without an Airport - Statistics

General Stats
  • This quiz has been taken 771 times
  • The average score is 4 of 5
Answer Stats
Country % Correct
Vatican City
97%
San Marino
91%
Andorra
90%
Monaco
89%
Liechtenstein
76%
No matching quizzes found
Score Distribution
Percent of People with Each Score
Percentile by Number Answered
Your Score History
You have not taken this quiz